La huelga en masa, el partido socialista y los sindicatos / (Record no. 95282)

MARC details
000 -LEADER
campo de control de longitud fija 00624nam a2200217 i 4500
001 - NÚMERO DE CONTROL
campo de control 95282
003 - IDENTIFICADOR DE NÚMERO DE CONTROL
campo de control ES-MaACL
005 - FECHA Y HORA DE LA ÚLTIMA TRANSACCIÓN
campo de control 20251111131009.0
007 - CAMPO FIJO DE DESCRIPCIÓN FÍSICA--INFORMACIÓN GENERAL
campo de control de longitud fija t|
008 - DATOS DE LONGITUD FIJA--INFORMACIÓN GENERAL
campo de control de longitud fija 050525s1931 sp ||||1| spa d
100 1# - ENTRADA PRINCIPAL--NOMBRE DE PERSONA
Nombre de persona Luxemburg, Rosa,
Fechas asociadas al nombre 1870-1919
9 (RLIN) 74894
245 13 - MENCIÓN DEL TÍTULO
Título La huelga en masa, el partido socialista y los sindicatos /
Mención de responsabilidad, etc. Rosa Luxemburg.
260 ## - PUBLICACIÓN, DISTRIBUCIÓN, ETC.
Lugar de publicación, distribución, etc. Madrid :
Nombre del editor, distribuidor, etc. [s.n.],
Fecha de publicación, distribución, etc. 1931 (
Fabricante Gráfica Socialista)
300 ## - DESCRIPCIÓN FÍSICA
Extensión 72 p. ;
Dimensiones 19 cm.
650 #7 - PUNTO DE ACCESO ADICIONAL DE MATERIA--TÉRMINO DE MATERIA
Término de materia o nombre geográfico como elemento de entrada Socialismo
Fuente del encabezamiento o término embne
9 (RLIN) 17147
650 #4 - PUNTO DE ACCESO ADICIONAL DE MATERIA--TÉRMINO DE MATERIA
9 (RLIN) 13489
Término de materia o nombre geográfico como elemento de entrada Huelgas
650 #4 - PUNTO DE ACCESO ADICIONAL DE MATERIA--TÉRMINO DE MATERIA
9 (RLIN) 17116
Término de materia o nombre geográfico como elemento de entrada Sindicatos
852 ## - LOCALIZACIÓN
Ubicación ES-MaACL
Número de control de estantería 1747-F-7
942 ## - ELEMENTOS DE ENTRADA SECUNDARIOS (KOHA)
Fuente del sistema de clasificación o colocación Clasificación decimal universal
Holdings
Estatus retirado Estado de pérdida Estado de daño No para préstamo Colección Biblioteca de origen Biblioteca actual Ubicación en estantería Fecha de adquisición Fuente de adquisición Total de préstamos Signatura topográfica completa Código de barras Visto por última vez Precio de reemplazo Tipo de ítem Koha
        Colección de folletos Biblioteca del Ateneo de Madrid Biblioteca del Ateneo de Madrid Depósito folletos 17/01/2008     1747-F-7 1099494 23/02/2023 23/02/2023 Folleto